Historia oficial del amor / (Registro nro. 8420)
[ vista simple ]
| 000 -CABECERA | |
|---|---|
| Longitud fija campo de control | 00470nam a2200169 4500 |
| 003 - • IDENTIFICADOR DELl NÚMERO DE CONTROL | |
| Identificador del número de control | CO-ViMGA |
| 020 ## - • NÚMERO INTERNACIONAL NORMALIZADO PARA LIBROS | |
| Número Internacional Normalizado para Libros (ISBN) | 978-958-8948-19-5 |
| 040 ## - FUENTE DE LA CATALOGACIÓN | |
| Centro catalogador de origen | CO-ViMGA |
| Lengua de catalogación | spa |
| Centro transcriptor | CO-ViMGA |
| 082 04 - • NÚMERO DE LA CLASIFICACIÓN DECIMAL DEWEY | |
| Número de clasificación (R) | Co863.5 |
| Número del ítem | S45h |
| 100 1# - • PUNTO DE ACCESO PRINCIPAL-NOMBRE DE PERSONA | |
| Nombre de persona | Silva Romero, Ricardo |
| 245 10 - • TITULO PROPIAMENTE DICHO | |
| Título | Historia oficial del amor / |
| Mención de responsabilidad, etc. | Ricardo Silva Romero. |
| 250 ## - • MENCIÓN DE EDICIÓN | |
| Mención de edición | 1a. ed. |
| 300 ## - • DESCRIPCIÓN FÍSICA | |
| Extensión | 540 p. ; |
| Otras características físicas | 24 cm. |
| 650 14 - • PUNTO DE ACCESO ADICIONAL DE MATERIA - TÉRMINO DE MATERIA | |
| Término de materia o nombre geográfico como elemento inicial | Novela colombiana |
| Subdivisión cronológica | Siglo XXI |
| 942 ## - ENTRADA DE ELEMENTOS AGREGADOS (KOHA) | |
| Fuente de clasificaión o esquema | Dewey Decimal Classification |
| Koha [por defecto] tipo de item | LIbro |
| Perdido | Fuente de clasificación o esquema | Estado Físico | No para préstamo | Forma de adquisición | Localización permanente | Localización actual | Fecha adquisición | Préstamos totales | Renovaciones totales | Signatura completa | Código de barras | Fecha última consulta | Fecha último préstamo | Fecha del precio de reemplazo | Tipo de item de Koha |
|---|---|---|---|---|---|---|---|---|---|---|---|---|---|---|---|
| Dewey Decimal Classification | Sala General Segundo Piso | Biblioteca Pública Germán Arciniegas - Villavicencio | Biblioteca Pública Germán Arciniegas - Villavicencio | 05/24/2017 | 3 | 2 | Co863.5 S45h | 032197 | 08/29/2025 | 07/24/2025 | 05/24/2017 | LIbro |